| 000 | 01040nam a2200253 a 4500 | ||
|---|---|---|---|
| 001 | 000010682 | ||
| 005 | 20240307073945.0 | ||
| 008 | 091009s1984 dr r 001 0 spa d | ||
| 040 |
_aDO-SdBNP _bspa _cBNPHU |
||
| 082 |
_a610 _bS211r |
||
| 100 | 1 |
_aSánchez Martínez, Fernando, _d1944- _91573 |
|
| 245 | 1 | 0 |
_aReflexiones médico sociales / _cFernando Sánchez Martínez ; presentación Enerio Rodríguez Arias. |
| 260 |
_aSanto Domingo : _bUASD, _c1984. |
||
| 300 |
_a245 p. ; _c20 cm. |
||
| 490 | 1 |
_aPublicaciones de la Universidad Autónoma de Santo Domingo _v328. |
|
| 490 | 1 |
_aEducación y sociedad _v22 |
|
| 500 | _aIncluye datos biográficos del autor en la contracubierta. | ||
| 650 | 4 |
_aMedicina social _919663 |
|
| 650 | 4 |
_aMedicina _xConferencias,ensayos, etc. _925866 |
|
| 650 | 4 |
_aArticulos de prensa _943 |
|
| 700 | 1 |
_aRodríguez Arias, Enerio _925867 |
|
| 710 | 1 |
_aUniversidad Autónoma de Santo Domingo _972951 |
|
| 830 | 0 |
_aPublicaciones de la Universidad Autónoma de Santo Domingo _n328 _pEducación y sociedad _n22. _925868 |
|
| 999 |
_c10437 _d10437 |
||